All 50 States by Picture - Really Easy - Statistics

General Stats
  • This quiz has been taken 157 times
    155 since last reset
  • The average score is 17 of 50
Answer Stats
Picture Answer % Correct
New York
100%
Washington
83%
Pennsylvania
80%
California
77%
Utah
73%
Nevada
72%
Virginia
71%
Maine
70%
Louisiana
60%
South Dakota
59%
Missouri
56%
Texas
54%
Florida
53%
Arizona
51%
Kentucky
51%
Mississippi
50%
Hawaii
47%
Tennessee
43%
Illinois
42%
Massachusetts
38%
Kansas
36%
Alaska
34%
Oregon
34%
Wyoming
30%
New Jersey
28%
North Carolina
27%
Iowa
26%
Alabama
24%
Colorado
23%
South Carolina
22%
Vermont
22%
Montana
17%
Oklahoma
17%
Nebraska
16%
Michigan
14%
Rhode Island
14%
Maryland
12%
North Dakota
11%
West Virginia
10%
Indiana
9%
Wisconsin
9%
Idaho
6%
Minnesota
6%
New Hampshire
6%
Ohio
6%
Connecticut
4%
Delaware
4%
Arkansas
3%
Georgia
3%
New Mexico
3%
No matching quizzes found
Score Distribution
Percent of People with Each Score
Percentile by Number Answered
Your Score History
You have not taken this quiz since the last reset